000 01206cam a2200277 a 4500
082 0 0 _a940.5421
_a940.5421
_bCHU
100 1 _aChurchill, Winston,
_d1874-1965.
_9133248
245 1 0 _aTriumph and tragedy /
_cWinston S. Churchill.
260 _aBoston :
_bHoughton Mifflin,
_c[1985], c1953.
300 _a800 p. :
_bill. ;
_c20 cm.
336 _atext
_btxt
_2rdacontent
337 _aunmediated
_bn
_2rdamedia
338 _avolume
_bnc
_2rdacarrier
490 1 _aThe Second World War ;
_vv. 6
500 _aIncludes index.
600 1 0 _aChurchill, Winston,
_d1874-1965.
_9133248
650 0 _aWorld War, 1939-1945
_xCampaigns
_zEurope.
_9133249
650 0 _aWorld War, 1939-1945
_xDiplomatic history.
_950004
651 0 _aEurope
_xHistory
_y1918-1945.
_9133250
800 1 _aChurchill, Winston,
_d1874-1965..
_tSecond World War (1985) ;
_vv. 6.
_9133251
856 4 2 _3Publisher description
_uhttp://www.loc.gov/catdir/description/hm021/86144270.html
856 4 2 _3Contributor biographical information
_uhttp://www.loc.gov/catdir/enhancements/fy0737/86144270-b.html
906 _a7
_bcbc
_corignew
_d2
_encip
_f19
_gy-gencatlg
942 _2ddc
_cBK
999 _c616213
_d616213